Word Ladder: Illinois Quiz Stats

 Plays Quiz Updated Jun 21, 2017

Support Sporcle.
Go Orange.
Score 0/21 Timer 02:00
1 Play Today
Hint 4-Letter Word % Correct
● Chicago is 'The Windy ___' ●●CITY●
99.2%
To quote with a sourceCITE
93.9%
Animal fat for cookingLARD
92.4%
Ace of Spades, e.g.CARD
90.9%
Bottle stopperCORK
90.6%
A win at chessMATE
89.3%
Chess piece in the cornerROOK
88.4%
● State slogan, '___ of Lincoln' ●●LAND●
88.2%
Halloween face covererMASK
88.2%
Small arachnidMITE
88.1%
StoneROCK
88%
Hint 4-Letter Word % Correct
A narrow rural roadLANE
87.6%
After the proper timeLATE
86.2%
It ends in a plugCORD
85.8%
● County that is home to Chicago ●●COOK●
85%
Service at a churchMASS
83.7%
Bobby Darin's '___ the Knife'MACK
80.9%
Make fun ofMOCK
80.1%
● 'Uncursed' Chicago MLB team ●●CUBS●
73.7%
SwearCUSS
71.5%
Make untidyMUSS
67.1%

Today's Daily Dose

You're not logged in!

Compare scores with friends on all Sporcle quizzes.
OR
Log In
Forgot?

From the Vault

'NFL' Words and Phrases

by survivor

We've managed to combine spelling and football into one quiz, which is great since they are America's least and most favorite things.
Remove Ads.
Support Sporcle.
Get the best of Sporcle when you Go Orange. This ad-free experience offers more features, more stats, and more fun while also helping to support Sporcle. Thank you for becoming a member.

Show Comments

Extras

Top Quizzes Today


Score Distribution

Your Account Isn't Verified!

In order to create a playlist on Sporcle, you need to verify the email address you used during registration. Go to your Sporcle Settings to finish the process.

Report this User

Report this user for behavior that violates our Community Guidelines.

Details: